Die historischen Reichsgebiete und die Siedlungsgebiete der Deuschen in Ostmittel-, Ost- und Südosteuropa in Bibliotheken der Bundesrepublik Deutschland

Bibliographic Details
Other Authors: Chmielewski, Horst von (Compiler)
Format: Book
Language:German
PhysicalDescription:112 s. ilustr. 21 cm
Published: [Bonn] Bundesministerium des Innern 1994
ISBN:(brož.)
Subjects:

MARC

LEADER 00000nam a2200000 a 4500
001 vtls008955245
003 SK-MaSNL
005 20260425222807.0
008 070313s1994 gw a r 001 0 ger
015 |a SNBZSA2007-00224 
020 |a (brož.) 
040 |a SNK  |b slo  |c SNK  |e AACR2 
041 0 |a ger 
043 |a e-gw---  |a et-----  |a ee----- 
044 |a gw  |c DE 
072 7 |a 026/027  |x Knižnice  |2 konspekt 
080 |a 026/027(430)  |2 2001 
080 |a 323.15(=30)  |x (4-191.2)  |x (4-11)  |2 2001 
245 0 4 |a Die historischen Reichsgebiete und die Siedlungsgebiete der Deuschen in Ostmittel-, Ost- und Südosteuropa in Bibliotheken der Bundesrepublik Deutschland  |c Bearbeiter: Horst von Chmielewski 
260 |a [Bonn]  |b Bundesministerium des Innern  |c 1994 
300 |a 112 s.  |b ilustr.  |c 21 cm 
500 |a Reg. 
500 |a Nepredajné 
650 0 7 |a knižnice  |2 SNKPH  |9 17965 
650 0 7 |a Nemci  |2 SNKPH  |9 22551 
650 0 7 |a knižničné fondy  |2 SNKPH  |9 1300 
651 7 |a Európa stredná  |2 SNKPHgeo  |9 23970 
651 7 |a Európa východná  |2 SNKPHgeo  |9 167635 
651 7 |a Nemecko  |2 SNKPHgeo  |9 21020 
655 7 |a prehľady  |2 SNKPH  |9 70194 
655 7 |a adresáre  |2 SNKPH  |9 70415 
700 1 |a Chmielewski, Horst von  |4 com  |9 314587 
958 |a ZS 
958 |a DE 
958 |a KL 
958 |a OND 
999 |c 568331  |d 570261 
952 |a SNK  |b SNK  |y VYP  |7 0  |p 17A0633943  |o snkSC 127444 D1  |i snk2009/18657  |8 2  |g 7.00  |0 0  |1 0  |4 0  |d 2009-10-06  |l 0  |r 2026-02-23 14:05:16  |w 2026-02-23 
952 |a SNK  |b SNK  |y PREZ  |7 0  |p 17A0544732  |o snkSC 127444  |i snk2007/9104  |8 2  |g 7.00  |0 0  |1 0  |4 0  |d 2007-03-14  |l 0  |r 2025-06-16 00:00:00  |w 2026-02-23